Svätý Pavol - Kristov bojovník

Podrobná bibliografia
Hlavný autor: Daniel-Rops, Henri, 1901-1965 (Autor)
Ďalší autori: Kováčová, Anna (Prekladateľ)
Médium: Kniha
Jazyk:slovenčina
Fyzický popis:199 s. 21 cm
Vydavateľské údaje: Trnava Dobrá kniha 1999
ISBN:8071412430
Predmet:

MARC

LEADER 00000nam a2200000 a 4500
001 vtls001373825
003 SK-MaSNL
005 20260301115407.0
008 240318s1999 xo b rb 0 slo
015 |a SNBA2000/03-00822 
020 |a 8071412430 
035 |a SNK000327697 
035 |a urn:nbn:sk:snk-amkk47 
035 |a urn:nbn:sk:snk-am003amy 
035 |a D4BD12EB-4DB1-46E4-A6E0-A2F06F876B73 
040 |a SNK  |b slo  |c SNK  |e AACR2 
041 0 |a slo 
044 |a xo  |c SK 
100 1 |a Daniel-Rops, Henri,  |d 1901-1965  |4 aut  |9 460320 
240 1 0 |a Saint Paul Conquerant du Christ  |l Slovensky 
245 1 0 |a Svätý Pavol - Kristov bojovník  |c Henri Daniel-Rops ; [z francúzskeho originálu preložila Anna Kováčová] 
260 |a Trnava  |b Dobrá kniha  |c 1999 
300 |a 199 s.  |c 21 cm 
500 |a Údaj o prekl. prevzatý z rubu tit. strany 
600 0 7 |a Pavol,  |c svätý,  |d asi 10-asi 67  |2 SNK  |9 182037 
655 7 |a biografické črty  |2 SNK  |9 299640 
700 1 |a Kováčová, Anna  |4 trl  |9 6261 
919 |a 80-7141-243-0 
958 |a TL 
958 |a OP 
958 |a NS 
958 |a BC 
958 |a NT 
968 |b FR 
999 |c 722049  |d 723979 
952 |t P60, <03>, [BOOK], {603}  |a SNK  |b SNK  |y PREZ  |7 0  |p 17A0212766  |o snkSC 99737  |i snkKSP 9736/99  |0 0  |1 0  |4 0  |d 1999-10-07  |f 1  |l 0  |r 2025-09-19 00:00:00  |w 2026-02-23 
952 |t P60, <04>, [BOOK], {604}  |a SNK  |b SNK  |y VYP  |7 0  |p 17A0212767  |o snkSC 99737 D1  |i snkKSP 9737/99  |0 0  |1 0  |4 0  |d 1999-10-07  |l 0  |r 2005-01-02 00:00:00  |w 2026-02-23